| 000 | 00909cam a2200277 i 4500 | ||
|---|---|---|---|
| 001 | bg | ||
| 003 | BPK | ||
| 005 | 20200102143921.0 | ||
| 008 | 020718s1978 pl a f f |001 0 pol | ||
| 015 | _aPB 1978/2325 | ||
| 040 |
_aWA N _cBPK |
||
| 041 | 0 | _apol | |
| 080 | _a621.791/.795 | ||
| 080 | _a(075.8) | ||
| 100 | 1 |
_aDobrowolski, Zygmunt _d(1891-1981). |
|
| 245 | 1 | 0 |
_aPodręcznik spawalnictwa / _cZygmunt Dobrowolski. |
| 250 | _aWyd. 10 popr. | ||
| 260 |
_aWarszawa : _bWydawnictwa Naukowo-Techniczne, _c1978. |
||
| 300 |
_a330, [2] s. : _bil. tab. wykr. ; _c24 cm. |
||
| 504 | _aBibliogr. Wykaz PN spawalniczych. Indeks. | ||
| 655 | 4 | _aPodręczniki akademickie | |
| 650 | 4 | _aSpawalnictwo | |
| 710 | 2 |
_aWydawnictwa Naukowo-Techniczne _4pbl. |
|
| 856 |
_uhttp://koha.tu.koszalin.pl/cgi-bin/koha/opac-detail.pl?biblionumber=32118 _yKatalog online BPK |
||
| 942 |
_2UKD _cKS |
||
| 999 |
_c32118 _d32118 |
||